00723nam a22002417a 4500003000400000005001700004008004100021020001800062040002300080041000800103050001800111100002300129245007200152264004400224300001800268336002200286337002400308338002400332650002800356650001500384650003100399700005100430OSt20260530113912.0260505b1964 xxu |||| |||| 00| 0 eng d a9780451163936 aICIbspacICIerda aeng aBJ1470.5bR36 aRand, Ayn ,eautor14aThe virtue of selfishness :bA new concept of egoism cRand , Ayn,  1aEstados Unidos :bPenguin books ,c1964 a173 páginas 2rdacontentatexto 2rdamediaasin medio 2rdacarrieravolumen 4aÉtica individualista. 4aEgoísmo. 4aObjetivismo (Filosofía). aBranden, Nathaniel, eartículos adicionales